Hukuk merceği 6 (Record no. 5907)

MARC details
000 -BAŞLIK
Sabit Uzunlukta Kontrol Alanı 01273na a2200361 4500
001 - KONTROL NUMARASI
Denetim Alanı 16771
003 - KONTROL NUMARASI IDENTIFIER
Denetim Alanı MIRAKIL
005 - SON İŞLEM TARİHİ VE ZAMANI
Denetim Alanı 20181213155050.0
008 - SABİT-BOY VERİ ELEMANLARI - GENEL BİLGİLER
Sabit Uzunlukta Kontrol Alanı 161013b tu 000 0
020 ## - ULUSLARARASI STANDART KİTAP NUMARASI
Uluslararası Standart Kitap Numarası 975603727X
035 ## - SİSTEM KONTROL NUMARASI
Sistem Kontrol Numarası 16771
040 ## - KATALOGLAMA KAYNAK
Orijinal Kataloglama Ajansı Milas
Kataloglama Dili tur
Metne Dönüştürmek Ajansı TR-AnCHP
041 ## - DİL KODU
Metin / Ses Parça Veya Ayrı Başlığın Dil Kodu tur
082 ## - DEWEY ONLU SINIFLANDIRMA NUMARASI
Sınıflandırma Numarası 340.09561
Ürün Numarası A54h 2006
090 ## - SINIFLAMA NUMARASI
Sınıflama Numarası 340.09561 A54h 2006
110 ## - ANA GİRİŞ - KURUMSAL ADI
Giriş Elemanı Olarak Kurumsal Ad Veya Yargı Alanı Adı Ankara Barosu
222 ## - ANAHTAR ADI
Anahtar Başlık Hukuk merceği
245 ## - BAŞLIK TABLOSU
Başlık Hukuk merceği 6
Başlığın Kalan konferanslar ve paneller (13 ocak 2005-5 Nisan 2005)
Sorumluluk Tablosu, Vb Ankara Barosu
260 ## - YAYIN, DAĞITIM, VB
Yayın, Dağıtım, Vb Yeri Ankara
Yayıncı, Dağıtıcı, Vs Adı Ankara Barosu
Yayın, Dağıtım, Vb Tarihi 2006
300 ## - FİZİKSEL TANIM
Kapsam x, 812 s.
Boyutlar 24 sm.
440 ## - SERİSİ TABLOSU / KATMA GİRİŞİ - BAŞLIK
Başlık Ankara Barosu yayınları
Hacim / Ardışık Tanımı 1
490 ## - SERİSİ TABLOSU
Seri Beyanı Bilimsel Toplantı Eserleri dizisi
Hacim / Ardışık Tanımı 1
500 ## - GENEL NOT
Genel Not Eser çeşitli konferansları, panelleri ve söyleşileri içermektedir.
500 ## - GENEL NOT
Genel Not Kütüphanemizde 6, 7, 9, 10, 11, 12. ciltler bulunmaktadır.
500 ## - GENEL NOT
Genel Not Dizin var.
600 ## - KONU KATMA GİRİŞ - KURUMSAL ADI
Kişisel Ad Bozkurt, Mehmet Esat
Genel Alt Bölümü Hukuk
650 ## - KONU KATMA GİRİŞ - TOPİKAL DÖNEM
Topikal Süreli Veya Coğrafi Ad Giriş Elemanı Avukatlık
Genel Alt Bölümü Ödevler
Kronolojik Alt Bölümü Toplantılar
650 ## - KONU KATMA GİRİŞ - TOPİKAL DÖNEM
Topikal Süreli Veya Coğrafi Ad Giriş Elemanı Türk Ceza Kanunu (TCK)
Genel Alt Bölümü Değerlendirmeler
Kronolojik Alt Bölümü Toplantılar
650 ## - KONU KATMA GİRİŞ - TOPİKAL DÖNEM
Topikal Süreli Veya Coğrafi Ad Giriş Elemanı Kadın hakları
Genel Alt Bölümü Hukuk ve mevzuat
Kronolojik Alt Bölümü Toplantılar
Coğrafi Alt Bölümü Türkiye
650 ## - KONU KATMA GİRİŞ - TOPİKAL DÖNEM
Topikal Süreli Veya Coğrafi Ad Giriş Elemanı Çocuk hakları
Genel Alt Bölümü Hukuk ve mevzuat
Kronolojik Alt Bölümü Toplantılar
Coğrafi Alt Bölümü Türkiye
650 ## - KONU KATMA GİRİŞ - TOPİKAL DÖNEM
Topikal Süreli Veya Coğrafi Ad Giriş Elemanı Hukuk
Kronolojik Alt Bölümü Toplantılar
Coğrafi Alt Bölümü Türkiye
942 ## - EKLENDİ GİRİŞ ELEMANLARI (KOHA)
Sınıflandırma Veya Raf Düzeni Kaynak Dewey Decimal Classification
Koha Öğesi Türü Books
999 ## - SİSTEM KONTROL NUMARALARI (KOHA)
Koha Biblionumber 5907
Koha Biblioitemnumber 5907
Holdings
Kalıcı Konum Mevcut Konum Edinme Tarihi Edinim Kaynak Toplam Check-Out'Lar Tam Çağrı Numarası Barkod Tarih Son Görülme İtibaren Geçerli Fiyatlar Koha Öğesi Türü
CHP Kütüphanesi CHP Kütüphanesi 10/13/2016 Bağış   340.09561 A54h 2006 000660 10/13/2016 10/13/2016 Books